Reverie (Record n. 103779)

Dettagli MARC
000 -LEADER
fixed length control field 02522njm a2200445Ia 4500
001 - CONTROL NUMBER
control field 24250
003 - CONTROL NUMBER IDENTIFIER
control field IT-RoPAU
005 - DATE AND TIME OF LATEST TRANSACTION
control field 20220918181213.0
008 - FIXED-LENGTH DATA ELEMENTS--GENERAL INFORMATION
fixed length control field 131025s9999 xx 000 0 und d
040 ## - CATALOGING SOURCE
Original cataloging agency IT-RoPAU
040 ## - CATALOGING SOURCE
Transcribing agency IT-RoPAU
999 ## - SYSTEM CONTROL NUMBERS (KOHA)
Koha Dewey Subclass [OBSOLETE] n.d.
100 ## - MAIN ENTRY--PERSONAL NAME
Personal name AA.VV.
9 (RLIN) 794
100 ## - MAIN ENTRY--PERSONAL NAME
Relator term Autore musica
9 (RLIN) 9708
100 ## - MAIN ENTRY--PERSONAL NAME
Miscellaneous information Codice autore musica SPICS: 12000
9 (RLIN) 796
245 ## - TITLE STATEMENT
Title Reverie
250 ## - EDITION STATEMENT
Edition statement 1a ed.
260 ## - PUBLICATION, DISTRIBUTION, ETC. (IMPRINT)
Place of publication, distribution, etc. ENGLAND
260 ## - PUBLICATION, DISTRIBUTION, ETC. (IMPRINT)
Name of publisher, distributor, etc. CBS
Date of publication, distribution, etc. 1964 [1a Ed.:1964]
300 ## - PHYSICAL DESCRIPTION
Extent DISCO
500 ## - GENERAL NOTE
General note Musica strumentale. Arrangiamento
505 ## - FORMATTED CONTENTS NOTE
Formatted contents note Reverie - Greensleeves - Nocturne - Pavane For A Dead Princess - Waltz in C Sharp Minor - Clair de lune - Polovtsian Dance n 2 - Rhapsody On A Theme of Paganini 18Th Var. - Nocturne (Micaela's Aria From "Carmen") - Swan Lake Excerpt From Act II - Dawn From "Peer Gynt" Suite
511 ## - PARTICIPANT OR PERFORMER NOTE
Participant or performer note The Philadelphia Orchestra diretta da Ormandy Eugene
650 ## - SUBJECT ADDED ENTRY--TOPICAL TERM
Topical term or geographic name as entry element STRUMENTALE [DISCHI]
Relator term Codice MATERIA SPICS: 9950
9 (RLIN) 828
700 ## - ADDED ENTRY--PERSONAL NAME
Personal name Debussy Claude
Dates associated with a name Codice autore musica SPICS: 7486
Relator term Autore musica
Name of part/section of a work Reverie
9 (RLIN) 9709
700 ## - ADDED ENTRY--PERSONAL NAME
Personal name Smith William
Dates associated with a name Codice autore SPICS: 15536
Relator term Autore
Name of part/section of a work Reverie
9 (RLIN) 9710
700 ## - ADDED ENTRY--PERSONAL NAME
Personal name Williams Vaughan
Dates associated with a name Codice autore musica SPICS: 15537
Relator term Autore musica
Name of part/section of a work Greensleeves
9 (RLIN) 9711
700 ## - ADDED ENTRY--PERSONAL NAME
Personal name Borodin Alexandr Porfirievic
Dates associated with a name Codice autore musica SPICS: 10770
Relator term Autore musica
Name of part/section of a work Nocturne
9 (RLIN) 9712
700 ## - ADDED ENTRY--PERSONAL NAME
Personal name Sargent Malcolm
Dates associated with a name Codice autore SPICS: 15538
Relator term Autore musica
Name of part/section of a work Nocturne
9 (RLIN) 9713
700 ## - ADDED ENTRY--PERSONAL NAME
Personal name Ravel Maurice
Dates associated with a name Codice autore musica SPICS: 2180
Relator term Autore musica
Name of part/section of a work Pavane For A Dead Princess
9 (RLIN) 9714
700 ## - ADDED ENTRY--PERSONAL NAME
Personal name Chopin Fryderyk
Dates associated with a name Codice autore musica SPICS: 8056
Relator term Autore musica
Name of part/section of a work Waltz in C Sharp Minor
9 (RLIN) 9715
700 ## - ADDED ENTRY--PERSONAL NAME
Personal name Debussy Claude
Dates associated with a name Codice autore musica SPICS: 7486
Relator term Autore musica
Name of part/section of a work Clair de lune
9 (RLIN) 9716
700 ## - ADDED ENTRY--PERSONAL NAME
Personal name Caillet Lucien
Dates associated with a name Codice autore SPICS: 15539
Relator term Autore
Name of part/section of a work Clair de lune
9 (RLIN) 9717
700 ## - ADDED ENTRY--PERSONAL NAME
Personal name Borodin Alexandr Porfirievic
Dates associated with a name Codice autore musica SPICS: 10770
Relator term Autore musica
Name of part/section of a work Polovtsian Dance n 2
9 (RLIN) 9718
700 ## - ADDED ENTRY--PERSONAL NAME
Personal name Rachmaninov Sergej
Dates associated with a name Codice autore musica SPICS: 8144
Relator term Autore musica
Name of part/section of a work Rhapsody On A Theme of Paganini 18Th Var.
9 (RLIN) 9719
700 ## - ADDED ENTRY--PERSONAL NAME
Personal name Bizet Georges
Dates associated with a name Codice autore musica SPICS: 10724
Relator term Autore musica
Name of part/section of a work Nocturne (Micaela's Aria From "Carmen")
9 (RLIN) 9720
700 ## - ADDED ENTRY--PERSONAL NAME
Personal name Cajkovskij Petr Llijch
Dates associated with a name Codice autore musica SPICS: 10808
Relator term Autore musica
Name of part/section of a work Swan Lake Excerpt From Act II
9 (RLIN) 9721
700 ## - ADDED ENTRY--PERSONAL NAME
Personal name Grieg Edward
Dates associated with a name Codice autore musica SPICS: 10671
Relator term Autore musica
Name of part/section of a work Dawn From "Peer Gynt" Suite
9 (RLIN) 9722
942 ## - ADDED ENTRY ELEMENTS (KOHA)
Koha item type DISCHI
Source of classification or shelving scheme Dewey Decimal Classification
Dati di copia
Withdrawn status Lost status Damaged status Not for loan Home library Current library Date acquired Total Checkouts Full call number Date last seen Price effective from Koha item type Public note
    Buone Condizioni Not For Loan SPICS-MEDIATECA SPICS-MEDIATECA 25/10/2013   24250 25/10/2013 25/10/2013 DISCHI Progr. Ins.: 5097 / N.Vol.: 1 / Copie: 1 - Copia rara: n.d. / date import: 01.01.2014 - By Epidotti, Trombetti, Vaglietti
CREDITS: SOCIETA' SAN PAOLO Via A.Severo, 58 - ROMA (RM) & PERIODICI SAN PAOLO SRL Via Giotto, 36 MILANO & CISF Via Giotto, 36 MILANO & EDIZIONI SAN PAOLO SRL,  Piazza Soncino, 5 CINISELLO BALSAMO (MI) -- ITALY